000
nam a22 7a 4500
999
_c
46294
_d
46294
003
OSt
005
20190412135123.0
008
190412b xxu||||| |||| 00| 0 eng d
040
_c
SERO SOFT
100
_a
DR. BHAGWAN , TIWARI
245
_a
HINDI SAHITYA KA ITIHAS
260
_a
VARANSI
_b
BVS
300
_a
666
942
_2
ddc
_c
02